Ενεργειακή μοντελοποίηση κτιριακού κελύφους με τη χρήση DesignBuilder και EnergyPlus : [πτυχιακή εργασία]

Η παρούσα πτυχιακή εργασία έχει σαν στόχο την μελέτη ενός κτηρίου, των ενεργειακών αναγκών του, του θερμικού ισοζυγίου, των εκπομπών CΟ2 του καθώς και την εξεύρεση προτάσεων για την ενεργειακή του αναβάθμιση, με αλλαγές δομικών υλικών αλλά και των πηγών που χρησιμοποιούνται για να καλύψουν τις ανάγ...

Full description

Saved in:
Bibliographic Details
Main Author: Τσολάκης, Θεόφιλος
Corporate Author: Πανεπιστήμιο Αιγαίου. Σχολή Περιβάλλοντος. Τμήμα Περιβάλλοντος
Format: Thesis Book
Language:Greek
Published: 2015.
Subjects:
Online Access:http://hdl.handle.net/11610/9785
Tags: Add Tag
No Tags, Be the first to tag this record!

MARC

LEADER 00000cam a2200000 a 4500
001 1/109345
008 151111s2015####gr | ||| |||| ||gre||
040 |a GR-MyUa  |b gre  |c GR-MyUa  |e AACR2 
041 0 |a gre 
082 7 |a 720.472   |2 (23)  
100 1 |a Τσολάκης, Θεόφιλος. 
245 1 0 |a Ενεργειακή μοντελοποίηση κτιριακού κελύφους με τη χρήση DesignBuilder και EnergyPlus :   |b [πτυχιακή εργασία] /   |c Τσολάκης Θεόφιλος ; [επιβλέπων καθηγητής: Δίας Χαραλαμπόπουλος]  
260 |c 2015.  
300 |a 50 σ. :   |b διαγρ. ;   |c 24 εκ.  
502 |a Πτυχιακή εργασία – Πανεπιστήμιο Αιγαίου, Λέσβος, 2015. 
504 |a Περιλαμβάνει βιβλιογραφία και παράρτημα.  
506 1 |a Ηλεκτρονική διάθεση στο πλήρες κείμενο – περιορισμένης πρόσβασης ;   |d Ελεύθερη διάθεση μόνο στα μέλη του Πανεπιστημίου Αιγαίου. 
520 8 |a Η παρούσα πτυχιακή εργασία έχει σαν στόχο την μελέτη ενός κτηρίου, των ενεργειακών αναγκών του, του θερμικού ισοζυγίου, των εκπομπών CΟ2 του καθώς και την εξεύρεση προτάσεων για την ενεργειακή του αναβάθμιση, με αλλαγές δομικών υλικών αλλά και των πηγών που χρησιμοποιούνται για να καλύψουν τις ανάγκες θέρμανσης και ψύξης του κτιρίου. Αρχικά περιγράφεται η διαδικασία κατασκευής του κτιρίου και του αρχικού σεναρίου. Έπειτα, παρουσιάζεται η πορεία της μελέτης της αρχικής προσομοίωσης και η ανάλυση των αποτελεσμάτων της. Στη συνέχεια, αναφέρονται τα σενάρια ενεργειακής αναβάθμισης και η ανάλυση των αποτελεσμάτων των προσομοιώσεων τους. Τέλος, παρουσιάζονται τα αποτελέσματα από την σύγκριση των σεναρίων και τα συμπεράσματα της μελέτης.  
650 0 |a Buildings  |x Energy conservation. 
650 0 |a Buildings  |x Energy consumption. 
650 0 |a Architecture and energy conservation. 
700 1 |a Χαραλαμπόπουλος, Δίας.  |e dgs 
710 2 |a Πανεπιστήμιο Αιγαίου.   |b Σχολή Περιβάλλοντος.   |b Τμήμα Περιβάλλοντος. 
852 |a INST  |b LESVOS  |c DIATR  |e 20151111  |h 1672  |p 005100057937  |q 005100057937  |t DIE  |y 23 
856 |u http://hdl.handle.net/11610/9785 
924 |a Τσολάκης  |b Θεόφιλος  |y Λέσβος  |z 2015-07 
970 |a Τζαφέρη  |b Ευαγγελία  |z 11-11-2015